Administracion de produccion y operaciones./ Richard J.Hopeman (Registro nro. 25470)
[ vista simple ]
| 000 -LÍDER | |
|---|---|
| fixed length control field | 00353nam a2200133 4500 |
| 020 ## - NÚMERO INTERNACIONAL NORMALIZADO PARA LIBROS | |
| ISBN | 968-26-0629-2 |
| 050 ## - SIGNATURA TOPOGRAFICA DE LA BIBLIOTECA DEL CONGRESO (LC) | |
| Número de Clasificación | TS155 H791a |
| 082 ## - NUMERO DE CLASIFICACION DECIMAL DEWEY | |
| Número de Clasificación | 658.5 H848a |
| 100 ## - ASIENTO PRINCIPAL--NOMBRE PERSONAL | |
| Nombre personal | Hopeman Richard J. |
| 245 ## - TÍTULO | |
| Título | Administracion de produccion y operaciones./ Richard J.Hopeman |
| 260 ## - PUBLICACIÓN, DISTRIBUCIÓN, ETC. (PIE DE IMPRENTA) | |
| Lugar de publicación, distribución, etc. | Mexico:Continental. |
| 300 ## - DESCRIPCIÓN FÍSICA | |
| Extensión | 662p./40cm. |
| 650 ## - ASIENTO SECUNDARIO DE MATERIA - TERMINO TEMÁTICO | |
| Término temático o nombre geográfico como elemento de entrada | 1.ADMINISTRACION. |
| No. biblioteca | No. biblioteca | Número de clasificación | Código de barras/Número de adquisición | Número de copia | Tipo de material |
|---|---|---|---|---|---|
| LUIS G. INCLAN | LUIS G. INCLAN | 658.5 H848a | 17086 | 8 | Libros |
